Meilleur dresseurs pokémons - Statistiques

Statistiques générales
  • Ce quiz a été pris 46 fois
  • Le résultat moyen est 10 sur 15
Statistiques - réponses
Numéro Pokémon Dresseurs % Correct
02 Pikachu Ash / Sacha
97%
09 Métaloss Pierre
95%
01 Dracaufeu Red
87%
12 Tortank Blue / Gary
84%
06 Carchacrok Cynthia
84%
03 Dracaufeu Tarak / Léon
79%
05 Zekrom N
76%
14 Tranchodon Iris
68%
13 Gardevoir Dianthea
61%
15 Félinferno Euphorbe / Kukui / Royal Mask
50%
04 Typhlosion Gold / Ethan
47%
08 Nidoking Giovanni
45%
10 Elekable Paul
45%
07 Darkrai Tobias
32%
11 Dracaufeu Alain
24%
Aucun quiz correspondant
Distribution des résultats
% des personnes avec chaque résultat
Percentile par nombre de réponses
Votre historique - résultats
Vous n’avez pas pris ce quiz